|
|
|
|
| LEADER |
00000nam0a2200000 4500 |
| 001 |
56605 |
| 005 |
20231031053633.0 |
| 035 |
|
|
|a (RuTPU)RU\TPU\book\59460
|
| 090 |
|
|
|a 56605
|
| 100 |
|
|
|a 20031003d1897 m y0rusy50 ca
|
| 101 |
0 |
|
|a rus
|
| 102 |
|
|
|a RU
|
| 105 |
|
|
|a y z 000ay
|
| 200 |
1 |
|
|a Собрание романов, повестей и рассказов
|e В 12 т.
|f П. Д. Боборыкин
|h Т. 7
|
| 210 |
|
|
|a СПб.
|c Изданiе А. Ф. Маркса
|d 1897
|
| 215 |
|
|
|a 373 с.
|
| 225 |
1 |
|
|a Приложение к журналу "Нива" на 1897 г.
|
| 300 |
|
|
|a Текст в русской дореформенной орфографии
|
| 610 |
1 |
|
|a русская литература
|
| 610 |
1 |
|
|a проза
|
| 610 |
1 |
|
|a повести
|
| 686 |
|
|
|a Ч611.68
|v LBC/SL-A
|2 rubbk
|
| 700 |
|
1 |
|a Боборыкин
|b П. Д.
|
| 801 |
|
1 |
|a RU
|b 63413507
|c 20031003
|g PSBO
|
| 801 |
|
2 |
|a RU
|b 63413507
|c 20181121
|g PSBO
|
| 942 |
|
|
|c BK
|